000 00432nam a22001697a 4500
005 20260109113237.0
008 260109b |||||||| |||| 00| 0 eng d
022 _a978-93-5532-611-9
100 _aRUDIN, WALTER
245 _aREAL AND COMPLEX ANALYSIS
250 _a3RD ED
260 _aNEW YORK
_bMCGRAW HILL
_c1987
300 _aXIV, 416P.
500 _aINCLUDES INDEX
650 _aMATHEMATICAL ANALYSIS
942 _2lcc
_cBK
999 _c216439
_d216439